00605nam a2200181 a 450000100060000000300090000600800410001502000150005604000280007108200160009910000250011511100950014024500950023526000340033030000080036465000230037265000280039513894CO-ViMGA141112s2004 ck r 000 u spa d a8487520375 aCO-ViMGAbspacCO-ViMGA04a372.86 D3541 aDelgado N., Miguel A aFormacion y actualizacion del profesorado de educación fisica y del entrenador deportivo10aFormacion y actualizacion del profesorado de educación fisica y del entrenador deportivo aSevilla : bWanceulen, c1997 a28114aeducación FISICA14aENTRENAMIENTO DEPORTIVO